<?xml version="1.0" encoding="UTF-8"?>
<record
    xmlns:xsi="http://www.w3.org/2001/XMLSchema-instance"
    xsi:schemaLocation="http://www.loc.gov/MARC21/slim http://www.loc.gov/standards/marcxml/schema/MARC21slim.xsd"
    xmlns="http://www.loc.gov/MARC21/slim">

  <leader>006090000a22001690004500</leader>
  <controlfield tag="008">110117t        xxu||||| |||| 00| 0 eng d</controlfield>
  <datafield tag="082" ind1=" " ind2=" ">
    <subfield code="a">26529</subfield>
  </datafield>
  <datafield tag="090" ind1=" " ind2=" ">
    <subfield code="c">26529</subfield>
    <subfield code="d">26529</subfield>
  </datafield>
  <datafield tag="100" ind1=" " ind2=" ">
    <subfield code="a">Nanjula, Gertrude Kizza</subfield>
    <subfield code="9">46425</subfield>
  </datafield>
  <datafield tag="245" ind1=" " ind2=" ">
    <subfield code="a">The Impact of Change on Effective Performance in a Mission Hospital : </subfield>
    <subfield code="b">Kitovu Health Care Complex. /</subfield>
    <subfield code="c">Nanjula,Gertrude Kizza</subfield>
  </datafield>
  <datafield tag="260" ind1=" " ind2=" ">
    <subfield code="a">Nkozi : </subfield>
    <subfield code="b">Uganda Martrys University, </subfield>
    <subfield code="c">2000</subfield>
  </datafield>
  <datafield tag="300" ind1=" " ind2=" ">
    <subfield code="a">46 p. : </subfield>
    <subfield code="b">ill. ; </subfield>
    <subfield code="c">29 cm.</subfield>
  </datafield>
  <datafield tag="500" ind1=" " ind2=" ">
    <subfield code="a">Diploma in Hospital Management.</subfield>
  </datafield>
  <datafield tag="650" ind1=" " ind2=" ">
    <subfield code="a">Change and a Mission Hospital</subfield>
    <subfield code="9">46426</subfield>
  </datafield>
  <datafield tag="650" ind1=" " ind2=" ">
    <subfield code="a"> Kitovu.</subfield>
    <subfield code="9">46427</subfield>
  </datafield>
  <datafield tag="942" ind1=" " ind2=" ">
    <subfield code="c">DISS</subfield>
    <subfield code="2">ddc</subfield>
  </datafield>
  <datafield tag="999" ind1=" " ind2=" ">
    <subfield code="c">26529</subfield>
    <subfield code="d">26529</subfield>
  </datafield>
  <datafield tag="952" ind1=" " ind2=" ">
    <subfield code="0">0</subfield>
    <subfield code="1">0</subfield>
    <subfield code="2">ddc</subfield>
    <subfield code="4">0</subfield>
    <subfield code="7">0</subfield>
    <subfield code="a">ABK</subfield>
    <subfield code="b">ABK</subfield>
    <subfield code="d">2008-11-01</subfield>
    <subfield code="l">5</subfield>
    <subfield code="o">26529</subfield>
    <subfield code="p">26529</subfield>
    <subfield code="r">2015-10-12 00:00:00</subfield>
    <subfield code="s">2015-10-10</subfield>
    <subfield code="w">2008-11-01</subfield>
    <subfield code="y">DISS</subfield>
  </datafield>
</record>
